[Event "Madrid Chamartin op 7th"]
[Site "Madrid"]
[Date "2018.09.06"]
[Round "5"]
[White "Villodre Miranda, Juan Alonso"]
[Black "Castillo Elosegui, Ignacio"]
[Result "1-0"]
[WhiteElo "1594"]
[BlackElo "1196"]
[PlyCount "63"]
[EventDate "2018.09.03"]
[EventType "swiss"]
[EventRounds "9"]
[EventCountry "ESP"]
[SourceTitle "CBM 187 Extra"]
[Source "ChessBase"]
[SourceDate "2018.11.04"]
[SourceVersion "1"]
[SourceVersionDate "2018.11.04"]
[SourceQuality "1"]

1. c4 c5 2. e4 Nc6 3. Nc3 g6 4. g3 Bg7 5. Bg2 d6 6. d3 Nf6 7. h3 0-0 8. Nge2 Qa5 9. Bd2 Ne5 10. Bc1 Nfd7 11. f4 Nc6 12. 0-0 e5 13. f5 Qd8 14. g4 g5 15. Be3 Qe7 16. Nd5 Qd8 17. Ng3 h6 18. Nh5 f6 19. Qd2 Nd4 20. h4 Kh8 21. hxg5 fxg5 22. Kf2 Nb6 23. Rh1 Ne6 24. Nxg7 Kxg7 25. Rh5 Nxd5 26. cxd5 Nf4 27. Bxf4 exf4 28. Rah1 Rh8 29. Qc3+ Kf7 30. Rxh6 Rxh6 31. Rxh6 b5 32. Rh7+ 1-0

[Event "Madrid Chamartin op 7th"]
[Site "Madrid"]
[Date "2018.09.05"]
[Round "4"]
[White "Castillo Elosegui, Ignacio"]
[Black "Martinez Miura, Enrique"]
[Result "0-1"]
[WhiteElo "1196"]
[BlackElo "1627"]
[PlyCount "44"]
[EventDate "2018.09.03"]
[EventType "swiss"]
[EventRounds "9"]
[EventCountry "ESP"]
[SourceTitle "CBM 187 Extra"]
[Source "ChessBase"]
[SourceDate "2018.11.04"]
[SourceVersion "1"]
[SourceVersionDate "2018.11.04"]
[SourceQuality "1"]

1. d4 e6 2. Nf3 d5 3. c4 Nf6 4. Nc3 Be7 5. Bf4 c6 6. e3 0-0 7. Bd3 Nbd7 8. c5 b6 9. b4 bxc5 10. dxc5 a5 11. Nd4 Bb7 12. Nc2 axb4 13. Nxb4 Nxc5 14. Bc2 Nce4 15. Nxe4 Nxe4 16. Nd3 Qa5+ 17. Kf1 Ba6 18. h4 Bf6 19. Rc1 Bb2 20. Ra1 Bxa1 21. Qxa1 Qd2 22. Qb2 Qxf2# 0-1